000 00538nam a22001817a 4500
999 _c26057
_d26057
003 BDDh-ASL
005 20231015030607.0
008 210924s1933 i ||||| |||| 00| 0 u d
040 _aBDDh-ASL
_cBDDh-ASL
082 _a297.205
_bBIQ
100 1 _94571
_aBirnabi, Iliyas
245 1 0 _aQadiyani Mazhab : / قادیانی مذھب
246 _aQadiyani Mazhab
260 _aLucknow :
_bUmdatul Matabe / Kamal Ahmed Faruqi ,
_c1355 H. / 1933.
300 _a139 p. :
_c25 cm.
650 0 _94096
_aTheology
_xIslam
942 _2ddc
_cBK